000 00237 a2200085 4500
020 _a9789390325580
100 _aEapen, Lalitha
_91392
245 _aPentacle integrated semester book lite grade 3 semester1
260 _bPearson India Pvt. Ltd.
_c2021
999 _c962
_d962